Torschützenliste der La Liga 2014-2015 - Statistiken

Allgemein
  • Dieses Quiz wurde 31 mal gespielt
  • Das Durchschnittsergebnis liegt bei 6 aus 11
Antwortstatistiken
Tore Nationalität Verein Spieler % Korrekt
22 Frankreich Atlético Madrid Antoine Griezmann
100%
48 Portugal Real Madrid Cristiano Ronaldo
100%
43 Argentinien FC Barcelona Lionel Messi
100%
22 Brasilien FC Barcelona Neymar
97%
16 Uruguay FC Barcelona Luis Suárez
90%
15 Frankreich Real Madrid Karim Benzema
80%
18 Spanien Athletic Bilbao Aritz Aduriz
43%
20 Kolumbien FC Sevilla Carlos Bacca
23%
17 Spanien Rayo Vallecano Alberto Bueno
0%
14 Brasilein FC Elche Jonathas
0%
14 Spanien Espanyol Barcelona Sergio García
0%
Keine übereinstimmenden Quizze gefunden
Verteilung der Resultate
Anzahl Personen mit jedem Resultat
Perzentil nach korrekt beantworteten Fragen
Ihre Resultats-Entwicklung
Sie haben dieses Quiz noch nicht gespielt